| 000 | 01035nam a2200325 a 4500 | ||
|---|---|---|---|
| 001 | 57986 | ||
| 003 | CO-BoRNBP | ||
| 005 | 20250813220705.0 | ||
| 007 | ta | ||
| 008 | 960715s2005 mx a jr 0001j spa d | ||
| 020 | _a9681677498 | ||
| 040 |
_aCO-BoBLA _bspa _cCO-BoBLA |
||
| 041 | 0 | _aspa | |
| 043 | _an-us--- | ||
| 082 | 0 | 4 |
_aI813.5 _bB15o _219 ed. |
| 100 | 1 | _aBanyai, Istvan. | |
| 245 | 1 | 3 |
_aEl otro lado / _cIstvan Banyai. |
| 250 | _a1a. edición | ||
| 300 |
_a[38] p. : _bil. ; _c26 cm. |
||
| 336 |
_2rdacontent _atexto _btxt |
||
| 337 |
_2rdamedia _asin mediación _bn |
||
| 338 |
_2rdacarrier _avolumen _bnc |
||
| 650 | 7 |
_aCuentos infantiles estadounidenses. _2BLAAUTO _9823 |
|
| 650 | 1 | 7 |
_aHistorias sin palabras. _2BLAAUTO _924820 |
| 650 | 7 |
_aCuentos infantiles estadounidenses _v Libros de láminas. _2BLAAUTO _962184 |
|
| 650 | 7 |
_aPercepción visual _x Libros ilustrados para niños. _2BLAAUTO _962185 |
|
| 650 | 7 |
_aPercepción visual _v Libros de láminas. _2BLAAUTO _962186 |
|
| 942 |
_2ddc _cBK |
||
| 949 |
_an _bn |
||
| 999 |
_c57986 _d57986 |
||